| 000 | 00358nab a22001097u 4500 | ||
|---|---|---|---|
| 008 | 130520b1965 xxu||||| |||| 00| 0 spa d | ||
| 041 | _aspa | ||
| 100 | 1 |
_aLara Guitard, Alfredo _972098 |
|
| 245 | 0 | 0 |
_aTécnicas de salvación en las religiones orientales _cAlfredo Lara Guitard |
| 773 | 0 |
_tArbor _gV.60, nº230,1965,págs. 55-70 _x0210-1963 _wRev54 |
|
| 942 | _cAR | ||
| 999 |
_c368089 _d368089 |
||